[Event "Lingen op 4th"]
[Site "Lingen"]
[Date "2012.07.21"]
[Round "3"]
[White "Meijerink, Juergen"]
[Black "Burke, Andre"]
[Result "1/2-1/2"]
[WhiteElo "1982"]
[BlackElo "1724"]
[PlyCount "70"]
[EventDate "2012.07.20"]
[EventType "swiss"]
[EventRounds "5"]
[EventCountry "GER"]
[SourceTitle "EXT 2013"]
[Source "ChessBase"]
[SourceDate "2012.11.22"]
[SourceVersion "1"]
[SourceVersionDate "2012.11.22"]
[SourceQuality "1"]

1. e4 e5 2. Bc4 Nc6 3. Nc3 Nf6 4. d3 d6 5. f4 Nd4 6. f5 Be7 7. Nf3 c5 8. 0-0 Bd7 9. a4 Bc6 10. Ba2 h6 11. Nd2 b6 12. Nc4 Qc7 13. Ne3 Bb7 14. Ncd5 Qd7 15. c3 Nc6 16. Qf3 Ba6 17. Nxf6+ Bxf6 18. Nd5 0-0-0 19. b4 cxb4 20. cxb4 Nd4 21. Qd1 Bb7 22. Be3 Bxd5 23. Bxd5 Kb8 24. Bxd4 exd4 25. b5 Rc8 26. Bc6 Qd8 27. Qb3 Rf8 28. Rf2 Be5 29. g3 Qg5 30. Kg2 h5 31. Qb2 h4 32. Rf3 hxg3 33. h3 Rh8 34. Qa2 Qh6 35. Rh1 a5 1/2-1/2

[Event "Niedersachsen-ch"]
[Site "Verden"]
[Date "2008.01.05"]
[Round "6"]
[White "Burke, Andre"]
[Black "Knobel, Hannah Bettina"]
[Result "1-0"]
[WhiteElo "1415"]
[BlackElo "1218"]
[PlyCount "123"]
[EventDate "2008.01.03"]
[EventType "swiss"]
[EventRounds "7"]
[EventCountry "GER"]
[SourceTitle "EXT 2010"]
[Source "ChessBase"]
[SourceDate "2010.11.25"]
[SourceVersion "1"]
[SourceVersionDate "2010.11.25"]
[SourceQuality "1"]

1. e4 e5 2. f4 d6 3. Nf3 Nc6 4. Bc4 Be7 5. fxe5 Nxe5 6. Nxe5 dxe5 7. Qh5 Nh6 8. Qxe5 0-0 9. d3 Re8 10. Qd5 Qxd5 11. Bxd5 Ng4 12. h3 Nf6 13. Bb3 Bc5 14. Nc3 Be6 15. Bxe6 Rxe6 16. Bf4 c6 17. g4 Rae8 18. Kd2 Nd7 19. Be3 Bxe3+ 20. Kxe3 g6 21. Raf1 Rf8 22. Kd2 Ne5 23. Rf4 Kg7 24. Rhf1 Nd7 25. Ne2 Rf6 26. Rxf6 Nxf6 27. e5 Nd7 28. d4 Rd8 29. Kc1 c5 30. c3 b6 31. Kc2 Rc8 32. Kb3 Re8 33. Ng1 b5 34. Re1 Kf8 35. Nf3 h6 36. a4 a6 37. axb5 axb5 38. Ra1 Ke7 39. Ra7 Ke6 40. Rb7 Rb8 41. Rxb8 Nxb8 42. dxc5 Na6 43. c4 Nxc5+ 44. Kb4 Nd3+ 45. Kxb5 Nxb2 46. c5 Kd7 47. c6+ Kc7 48. Nd4 Nd3 49. e6 fxe6 50. Nxe6+ Kc8 51. Kb6 Nb4 52. c7 Nd5+ 53. Kc6 Nb4+ 54. Kd6 Nc2 55. Nf4 Nd4 56. Nd5 Nb5+ 57. Kc6 Nxc7 58. Nxc7 Kd8 59. Kd6 g5 60. Ke6 Kxc7 61. Kf6 h5 62. gxh5 1-0

[Event "Niedersachsen-ch op"]
[Site "Verden"]
[Date "2007.01.05"]
[Round "6"]
[White "Burke, Andre"]
[Black "Gerken, Juergen"]
[Result "0-1"]
[WhiteElo "1380"]
[BlackElo "1572"]
[PlyCount "124"]
[EventDate "2007.01.04"]
[EventType "swiss"]
[EventRounds "7"]
[EventCountry "GER"]
[SourceTitle "EXT 2021"]
[Source "ChessBase"]
[SourceDate "2020.10.23"]
[SourceVersion "1"]
[SourceVersionDate "2020.10.23"]
[SourceQuality "1"]

1. c4 Nf6 2. Nc3 c6 3. g3 d5 4. cxd5 cxd5 5. d4 Nc6 6. Bg2 e6 7. Nf3 Qb6 8. e3 Bd6 9. 0-0 Bd7 10. a3 Na5 11. b4 Nc4 12. Nd2 Rc8 13. Na4 Qd8 14. Nc5 b6 15. Nxc4 dxc4 16. Nxd7 Qxd7 17. f4 0-0 18. e4 Be7 19. d5 exd5 20. e5 Ng4 21. Bh3 h5 22. Qd4 Rfd8 23. Bb2 Qf5 24. Rfe1 Qc2 25. Bxg4 hxg4 26. Rac1 Qg6 27. Rf1 f5 28. Rf2 a5 29. Bc3 axb4 30. axb4 Ra8 31. Rb2 b5 32. Rd1 Qe6 33. Rbd2 Rd7 34. Qf2 Bd8 35. Bd4 Ra3 36. Rb1 Rf3 37. Qe1 Bb6 38. Bxb6 Qxb6+ 39. Kg2 Re3 40. Qd1 d4 41. Ra1 Qc6+ 42. Kg1 Qe4 43. e6 Qxe6 44. Rxd4 Rxd4 45. Qxd4 Re1+ 46. Rxe1 Qxe1+ 47. Kg2 Qxb4 48. Qd5+ Kh8 49. Qd8+ Kh7 50. Qh4+ Kg8 51. Qd8+ Qf8 52. Qd5+ Kh8 53. Qxb5 Qc8 54. Qb2 c3 55. Qc2 Qb7+ 56. Kf1 Qb2 57. Qe2 Qb1+ 58. Kf2 Qe4 59. Qxe4 fxe4 60. Ke2 Kg8 61. Kd1 e3 62. f5 Kf7 0-1

[Event "Niedersachsen-ch op"]
[Site "Verden"]
[Date "2007.01.04"]
[Round "2"]
[White "Burke, Andre"]
[Black "Krneta, Slavko"]
[Result "1/2-1/2"]
[WhiteElo "1380"]
[BlackElo "1663"]
[PlyCount "76"]
[EventDate "2007.01.04"]
[EventType "swiss"]
[EventRounds "7"]
[EventCountry "GER"]
[SourceTitle "EXT 2021"]
[Source "ChessBase"]
[SourceDate "2020.10.23"]
[SourceVersion "1"]
[SourceVersionDate "2020.10.23"]
[SourceQuality "1"]

1. e4 e6 2. d4 d5 3. exd5 Qxd5 4. Nc3 Qd8 5. Nf3 Nf6 6. Bf4 Bd6 7. Qd2 0-0 8. Bd3 b6 9. Ne4 Bb7 10. Nxd6 cxd6 11. c3 Qc7 12. Qc2 Nbd7 13. 0-0 g6 14. Nd2 Nd5 15. Bh6 Rac8 16. Bxf8 Kxf8 17. Nf3 N7f6 18. Rfe1 Qc6 19. Qd2 Kg7 20. a4 a6 21. Rac1 Qxa4 22. Ra1 Qc6 23. Bxa6 b5 24. Bxb7 Qxb7 25. Ng5 b4 26. cxb4 Nxb4 27. Rac1 Rb8 28. h3 h6 29. Nf3 Ne4 30. Qe2 d5 31. Nd2 Nxd2 32. Qxd2 Na2 33. Rb1 Qb4 34. Qxb4 Nxb4 35. Red1 Nc6 36. Rd2 Rb4 37. Rbd1 Na5 38. Rc2 Nb3 1/2-1/2

[Event "Niedersachsen-ch op"]
[Site "Verden"]
[Date "2007.01.04"]
[Round "1"]
[White "Dorn, Carina"]
[Black "Burke, Andre"]
[Result "1-0"]
[WhiteElo "1794"]
[BlackElo "1380"]
[PlyCount "51"]
[EventDate "2007.01.04"]
[EventType "swiss"]
[EventRounds "7"]
[EventCountry "GER"]
[SourceTitle "EXT 2021"]
[Source "ChessBase"]
[SourceDate "2020.10.23"]
[SourceVersion "1"]
[SourceVersionDate "2020.10.23"]
[SourceQuality "1"]

1. d4 Nf6 2. c4 e5 3. dxe5 Ng4 4. Nf3 Bc5 5. e3 Nc6 6. Nc3 Ngxe5 7. Nxe5 Nxe5 8. Be2 d6 9. 0-0 Be6 10. b3 Qf6 11. Bb2 0-0-0 12. Kh1 Qe7 13. Nd5 Bxd5 14. cxd5 f6 15. Qd2 Qf7 16. b4 Bb6 17. a4 c6 18. dxc6 Nxc6 19. Rfc1 Kb8 20. a5 Bc7 21. a6 Ne5 22. axb7 g5 23. Bd4 Bb6 24. Bxb6 axb6 25. Qd4 Kxb7 26. Ba6+ 1-0